Ulice w Gdańsku zaczynające się na K - Statystyki

Ogólne statystyki
  • Ten quiz został rozwiązany 16 razy
  • Średni wynik to 17 z 184
Statystyki odpowiedzi
Odpowiedź % Poprawnych
Kartuska
56%
Krakowska
56%
Kaliska
44%
Kołłątaja
44%
Kolorowa
44%
Kujawska
44%
Kadmowa
33%
Kalinowa
33%
Karkonoska
33%
Kasztanowa
33%
Kołobrzeska
33%
Kościelna
33%
Krańcowa
33%
Krasickiego
33%
Kwiatowa
33%
Kacza
22%
Kaczyńskiego
22%
Kadetów
22%
Kaprów
22%
Kazimierza Wielkiego
22%
Kliniczna
22%
Kminkowa
22%
Kolbudzka
22%
Kombatantów
22%
Konopnickiej
22%
Kortowska
22%
Koszalińska
22%
Kowalska
22%
Kraszewskiego
22%
Kręta
22%
Krokusowa
22%
Krótka
22%
Krucza
22%
Kurza
22%
Kaletnicza
11%
Kampinoska
11%
Kanałowa
11%
Kapliczna
11%
Karlikowska
11%
Karmelicka
11%
Karpacka
11%
Karpia
11%
Karskiego
11%
Karwieńska
11%
Kasprowicza
11%
Kaszubska
11%
Katarzynki
11%
Kątowa
11%
Kielecka
11%
Kiepury
11%
Kilińskiego
11%
Kinowa
11%
Klimatyczna
11%
Klonowa
11%
Kłosowa
11%
Klukowska
11%
Knyszyńska
11%
Kolarska
11%
Kolberga
11%
Kolejowa
11%
Kolonia Mysia
11%
Kolonia Orka
11%
Kolonia Postęp
11%
Kolonia Praca
11%
Kolonia Studentów
11%
Kolonia Uroda
11%
Kolonijna
11%
Kolumba
11%
Komandorska
11%
Komputerowa
11%
Konkordii
11%
Konstelacji
11%
Kontenerowa
11%
Konwalii
11%
Kopalniana
11%
Kopeckiego
11%
Kopernika
11%
Koralowa
11%
Kościuszki
11%
Kotarbińskiego
11%
Kozia
11%
Krajeńska
11%
Królikarnia
11%
Królowej Jadwigi
11%
Krosna
11%
Krowia
11%
Kruszwicka
11%
Kryształowa
11%
Krzemowa
11%
Krzywa
11%
Książkowa
11%
Księdza Robaka
11%
Kubusia Puchatka
11%
Kurkowa
11%
Kurpińskiego
11%
Kuśnierska
11%
Kutnowska
11%
Kwidzyńska
11%
Kaczeńce
0%
Kaima
0%
Kamienna Grobla
0%
Kamieńskiego
0%
Kanapariusza
0%
Kapitańska
0%
Karłowicza
0%
Karsińska
0%
Kasjopei
0%
Kaznodziejska
0%
Kempingowa
0%
Keplera
0%
Kępna
0%
Kętrzyńskiego
0%
Kiedrowskiego
0%
Kielasa
0%
Kielnieńska
0%
Kieturakisa
0%
Kisielewskiego
0%
Kiszewska
0%
Kładki
0%
Klesza
0%
Kłoczkowskiego
0%
Klonowicza
0%
Kłopot
0%
Kmieca
0%
Kobieli
0%
Kochanowskiego
0%
Kocurki
0%
Kolejarzy
0%
Kołodzieja
0%
Kołodziejska
0%
Kolonia Anielinki
0%
Kolonia Jordana
0%
Kolonia Ochota
0%
Kolonia Przybyszewskiego
0%
Kolonia Przyszłość
0%
Kolonia Rola
0%
Kolonia Wyżyny
0%
Kolonia Zaranie
0%
Kolonia Żeńcy
0%
Kolonia Zręby
0%
Komedy
0%
Komety
0%
Konarskiego
0%
Koprowskiego
0%
Korczaka
0%
Kormoranów
0%
Korsarzy
0%
Korzeniowskiego
0%
Korzenna
0%
Kościerska
0%
Kosmonautów
0%
Kosmowskiej
0%
Kossaka
0%
Kotwiczników
0%
Kozacza Góra
0%
Kozietulskiego
0%
Koziorożca
0%
Kramarska
0%
Kraśnięta
0%
Krasnoludków
0%
Kręckiego
0%
Królewskie Wzgórze
0%
Królowej Bony
0%
Krosienka
0%
Krowoderska
0%
Krylowa
0%
Krynicka
0%
Kryniczna
0%
Krzemienieckiej
0%
Krzywoustego
0%
Księżycowa
0%
Kubacza
0%
Kunickiego
0%
Kupały
0%
Kupiecka
0%
Kureckiej
0%
Kurierów Armii Krajowej
0%
Kurzyńskiego
0%
Kusocińskiego
0%
Kuszników
0%
Ku Ujściu
0%
Kwiatkowskiego
0%
Kwietna
0%
Kwietniowa
0%
Nie znaleziono quizów pasujących do podanych kryteriów
Rozkład punktacji
Procent ludzi z każdym wynikiem
Percentyl według liczby udzielonych odpowiedzi
Twoja historia wyników
Nie rozwiązałeś tego quizu